000 00609nam a22001817a 4500
003 UA-OsUOA
001 14262
007 ta
008 20030729b un ||||| |||| 00| 0 ukr d
100 _aТимочко О.
942 _cSA
040 _aUA-OsUOA
_cUA-OsUOA
_dUA-OsUOA
245 _aГотуючи висококваліфікованих робітників: [До 40-річя створення Радивилів. ПТУ]
300 _aС.2
955 _a0
773 0 _w0
_tПрапор перемоги
_dРадивилів
_d2003
_g№38/16 трав./
650 7 _aКраєзнавча робота
_2UDC
999 _c300423
_d300423